|
|
|
|
| LEADER |
00000nam0a2200000 4500 |
| 001 |
159841 |
| 005 |
20231101222137.0 |
| 010 |
|
|
|a 5788009766
|
| 020 |
|
|
|a RU
|b 92-28513
|
| 035 |
|
|
|a (RuTPU)RU\TPU\book\173357
|
| 035 |
|
|
|a RU\TPU\book\107942
|
| 090 |
|
|
|a 159841
|
| 100 |
|
|
|a 20090515d1992 e y0rusy5003 ca
|
| 101 |
1 |
|
|a rus
|c fre
|
| 102 |
|
|
|a BY
|
| 105 |
|
|
|a a z 000ay
|
| 200 |
1 |
|
|a Двадцать лет спустя
|e роман
|e в 2 ч.
|e для старшего школьного возраста
|e пер. с фр.
|h Ч. 1
|f А. Дюма (Дюма-отец)
|g примеч. С. Шкунаев ; худож. В. И. Клименко
|
| 210 |
|
|
|a Минск
|c Юнацтва
|d 1992
|
| 215 |
|
|
|d 21 см
|e (ил.)
|a 447 с.
|
| 225 |
1 |
|
|a Библиотека приключений и фантастики
|
| 300 |
|
|
|a 2-я кн. трилогии. Продолж. романа "Три мушкетера"
|
| 610 |
1 |
|
|a приключенческие романы
|
| 610 |
1 |
|
|a французская литература
|
| 675 |
|
|
|a 84
|z rus
|v 3
|
| 700 |
|
1 |
|a Дюма (Дюма-отец)
|b А.
|c французский писатель
|f 1802-1870
|g Александр
|2 stltpush
|3 (RuTPU)RU\TPU\pers\10154
|9 2200
|
| 702 |
|
1 |
|a Шкунаев
|b С.
|4 220
|
| 702 |
|
1 |
|a Клименко
|b В. И.
|4 440
|
| 801 |
|
0 |
|a RU
|b RuMRKP
|c 19950417
|g psbo
|
| 801 |
|
1 |
|a RU
|b 63413507
|c 20060821
|g PSBO
|
| 801 |
|
2 |
|a RU
|b 63413507
|c 20090515
|g PSBO
|
| 942 |
|
|
|c BK
|